Mehrsprachigkeit - Chancen und Probleme

Salvato in:
Dettagli Bibliografici
Altri autori: Ondrušová, Terézia, 1978-, Rakšányiová, Jana
Natura: Libro
Lingua:tedesco
inglese
Pubblicazione: České Budějovice Vysoká škola evropských a regionálních studií 2025
Edizione:1. Auflage
Soggetti:
Tags: Aggiungi Tag
Nessun Tag, puoi essere il primo ad aggiungerne!!

MARC

LEADER 00000nam a2200000 4500
001 0312109
005 20250912082208.2
020 |a 978-80-7556-161-9 
041 0 |a ger 
041 0 |a eng 
044 |a CZ 
245 1 0 |a Mehrsprachigkeit - Chancen und Probleme  |c Herausgeberin: Terézia Ondrušová ; Rezensentin: Jana Rakšányiová 
250 |a 1. Auflage 
264 1 |a České Budějovice  |b Vysoká škola evropských a regionálních studií  |c 2025 
300 |a 89 s. [5,55 AH] 
610 2 0 |a jazyky cudzie 
610 2 0 |a jazyk odborný 
610 2 0 |a zručnosti 
610 2 0 |a trh práce 
610 2 0 |a vedenie 
610 2 0 |a krajina jazyková 
610 2 0 |a frazeológia 
700 1 |a Ondrušová, Terézia, 1978- 
700 1 |a Rakšányiová, Jana